Ground rentals: a national and international perspective. (Record no. 94248)

MARC details
000 -LEADER
fixed length control field 00662cam a2200253 4500
008 - FIXED-LENGTH DATA ELEMENTS--GENERAL INFORMATION
fixed length control field 090401t1993 xxu||||| |||| 00| 0 eng d
020 ## - INTERNATIONAL STANDARD BOOK NUMBER
International Standard Book Number 0864760566
035 ## - SYSTEM CONTROL NUMBER
System control number (Sirsi) u60664
041 ## - LANGUAGE CODE
Language code of text/sound track or separate title eng
050 ## - LIBRARY OF CONGRESS CALL NUMBER
Classification number 346.04346
100 ## - MAIN ENTRY--PERSONAL NAME
Personal name Freeman, L.M.
245 ## - TITLE STATEMENT
Title Ground rentals: a national and international perspective.
260 ## - PUBLICATION, DISTRIBUTION, ETC.
Place of publication, distribution, etc. Wellington
Name of publisher, distributor, etc. NZIV
Date of publication, distribution, etc. 1993
300 ## - PHYSICAL DESCRIPTION
Extent 104p. ; 30cm.
350 ## - PRICE (NR) (BK AM CF MU VM SE) [OBSOLETE]
Price 35
650 ## - SUBJECT ADDED ENTRY--TOPICAL TERM
Topical term or geographic name entry element GROUND LEASES
650 ## - SUBJECT ADDED ENTRY--TOPICAL TERM
Topical term or geographic name entry element GROUND RENTS
650 ## - SUBJECT ADDED ENTRY--TOPICAL TERM
Topical term or geographic name entry element LEASEHOLD
650 ## - SUBJECT ADDED ENTRY--TOPICAL TERM
Topical term or geographic name entry element NEW ZEALAND
690 ## - LOCAL SUBJECT ADDED ENTRY--TOPICAL TERM (OCLC, RLIN)
Topical term or geographic name as entry element PROPERTY-LANDLORD AND TENANT
710 ## - ADDED ENTRY--CORPORATE NAME
Corporate name or jurisdiction name as entry element New Zealand Institute of Valuers
9 (RLIN) 1111
942 ## - ADDED ENTRY ELEMENTS (KOHA)
Suppress in OPAC 0
948 ## - LOCAL PROCESSING INFORMATION (OCLC); SERIES PART DESIGNATOR (RLIN)
c (OCLC) 04/03/1997
Holdings
Withdrawn status Lost status Source of classification or shelving scheme Damaged status Not for loan Home library Current library Shelving location Date acquired Cost, normal purchase price Total Checkouts Full call number Barcode Date last seen Date last checked out Copy number Cost, replacement price Price effective from Koha item type
    Dewey Decimal Classification     London London Folio 21/02/1996 29.82 9 F346.04346 30049540 06/08/2019 10/01/2005 1 29.82 06/08/2019 Book